00947 2200325 4500001002100000005001500021035002000036007000300056040001700059100003800076245007900114250001900193300004200212504002900254020002200283041000800305082001100313084001700324090002000341264003000361336002100391337003000412338002300442500003300465700003600498850001000534008004100544990001800585990001800603INLIS00000000000496820260515114129 a0010-0222000058ta aSBPUPADbind0 aSemuil Tjiharjadi, dkkePengarang1 aTo be a Great Effective Leader /cSemuil Tjiharjadi ; editor, Inunk Natiti aEd. 1, Cet. 10 axvi, 312 hal. :billus. ;c14 x 21 cm abibliografi, hlm 299-308 a978-979-29-3566-0 aind a303.34 a303.34 SEM t a302.2 NUR p 7-2 aYogyakarta :bAndi,c2020 2rdacontentaTeks 2rdamediaaTanpa Perantara 2rdacarrieraVolume aBiodata penulis, hlm 309-3120 aeditor, Inunk NatitiePengarang aPUPAD260515 0  a14141/Br-2014 a14139/BR-2014